00631nam a2200193Ii 450000100060000000300090000600800410001502000150005604000330007104100080010408200200011210000230013224501190015526400700027430000120034433600260035633700280038233800270041013682CO-ViMGA241108s9999||||xx |||||||||||||| ||und|| a958669111X aCO-ViMGAbspaerdacCO-ViMGA0 aspa04aF.FC 215 - I45c1 aIglesia Católica10aCarta apostólica fides et ratio:bA los obispos de la iglesia católica sobre las relaciones entre fe y razón 1aBogotá, Colombia : Instituto Misionero Hijas de San Pablo, 1999 avolumen atextbtxt2rdacontent aunmediatedbn2rdamedia avolumebnc2rdacarrier